000 00606nam a22002297a 4500
005 20240502110042.0
008 180424b xxu||||| |||| 00| 0 spa d
020 _a9977953260
041 _aESP
082 _a731.76 F977m
100 _aFumero Vargas, Patricia
245 _aEl monumento nacional: fiesta y develización, setiembre de 1895
260 _aCosta Rica
260 _bMuseo Histórico Cultural Juan Santamaría
260 _c1998
300 _a120 páginas
650 _aCOSTA RICA
650 _aMONUMENTOS HISTÓRICOS
650 _aMONUMENTOS
942 _cBK
_2ddc
999 _c10597
_d10597